00166nam a22000857a 4500003000400000100001900004245001600023260003300039300000800072SGT aSHUKL, SRI LAL aRAG DARBARI aDELHI bRAJKAMAL PUB. c1984 a630